=LDR 00000nam 2200000 4500 =001 INLIS000000000034638 =005 20130612140533 =008 ***********************************ind** =035 ##$$0010-061300000034638 =041 ##$$a ind =082 ##$$a 372.803 =090 ##$$a 372.803, Rah,k =100 ##$$a Rahmasari, Garfika =245 ##$$a Kamus Pintar Bergambar, Gartika Rahmasari;Dwi Linda Ceustini,Agus Jakaria =260 ##$$a 2008 $b Bandung =300 ##$$a 36 hlm., Illus., 21 cm =650 ##$$a Pendidikan Dasar-IPS Kamus =700 ##$$a Ceustini,Dwi Linda =850 ##$$a NBPNMAT